00784nam a2200241Ia 450000500170000000800390001702000150005604100080007110000330007924500660011225000220017826400260020030000180022633600270024433700330027133800280030449000380033265000470037065000450041770000330046204000350049508400120053020220316235352.0121119s2002 sp gr 000 j spa a84206341581 aspa1 aPoe, Edgar Allan,d1809-184910aCuentos 1cEdgar Allan Poe ; traducción de Julio Cortázar a6a. reimpresión 1aMadridbAlianzac2002 a576 páginas atextobtxt2rdacontent asin mediaciónbn2rdamedia avolumenbnc2rdacarrier0 aEl libro de bolsillo : literatura142LEMBaLiteratura estadounidenseySiglo XIX142LEMBaCuentos estadounidensesySiglo XIX1 aCortázar, Julioetraductor aCO-BoRNBPbspaerdacCO-BoRNBP aC POE4